Empires between Islam and Christianity/ (Record no. 190168)

MARC details
000 -LEADER
fixed length control field 00597nam a22001817a 4500
005 - DATE AND TIME OF LATEST TRANSACTION
control field 20220719150928.0
010 ## - LCCN (DPL NO)
LC control number ENG-133709
020 ## - INTERNATIONAL STANDARD BOOK NUMBER
Terms of availability 995.00
International Standard Book Number 9788178245225
035 ## - SYSTEM CONTROL NUMBER
System control number EN-117241
037 ## - SOURCE OF ACQUISITION
Source of stock number/acquisition DBAD/PUB
082 ## - DEWEY DECIMAL CLASSIFICATION NUMBER
Classification number 909.08
100 ## - MAIN ENTRY--PERSONAL NAME
Personal name Subrahmanyam, Sanjay
245 ## - TITLE STATEMENT
Title Empires between Islam and Christianity/
Statement of responsibility, etc Sanjay Subrahmanyam
260 ## - PUBLICATION, DISTRIBUTION, ETC. (IMPRINT)
Place of publication, distribution, etc Ranikhet
Name of publisher, distributor, etc Permanent black
Date of publication, distribution, etc 2018
270 ## - ADDRESS
Address 'Himalayana', Mall road, Ranikhet cantt
City Ranikhet
Postal code 263645
Electronic mail address perblack@gmail.com
300 ## - PHYSICAL DESCRIPTION
Extent xiv,457p.
Dimensions 22cm(hbk)
Other physical details Bibliography, Index
942 ## - ADDED ENTRY ELEMENTS (KOHA)
Source of classification or shelving scheme Dewey Decimal Classification
Item type English Books
Classification part 909.08
Call number suffix SUB
Holdings
Withdrawn status Lost status Not for loan Collection code Home library Current library Date acquired Source of acquisition Cost, normal purchase price Full call number Barcode Copy number Cost, replacement price Koha item type
      Non-fiction Bawana Bawana 19/07/2022 DBAD/PUB 995.00 909.08 SUB EN-117241 1 995.00 English Books

© Delhi Public Library
Hit Counter
free hit counter